| 000 | 01133cam a2200325 4500 | ||
|---|---|---|---|
| 001 | ABS63578 | ||
| 008 | 000000n2001 000 0 eng u | ||
| 035 | _a(Sirsi) u110939 | ||
| 100 | _aO`Roarty, B. | ||
| 245 | _aFlexible space solutions: an opportunity for occupiers and investors | ||
| 260 | _c2001 | ||
| 490 |
_aJournal of Corporate Real Estate _v3(1) 2001, 69-80(11) |
||
| 520 | _aWIth the introduction of more flexible lease terms within the scope of commercial leases, this article discusses the factors underlying the move towards greater flexibility. Also considers developments in space planning and space contracts. References. | ||
| 590 | _aABS | ||
| 650 | _aLEASE TERMS | ||
| 650 | _aFLEXIBILITY | ||
| 650 | _aPRICING | ||
| 650 | _aMONTE CARLO METHOD | ||
| 650 | _aSPACE CONTRACTS | ||
| 650 | _aCORPORATE PROPERTY | ||
| 650 | _aFLEXIBLE LEASES | ||
| 650 | _aCOMMERCIAL LEASES | ||
| 650 | _aSPACE PLANNING | ||
| 650 | _aRISK MANAGEMENT | ||
| 650 | _aOCCUPIERS | ||
| 650 | _aGLOBALISATION | ||
| 650 | _aACCOUNTING STANDARDS | ||
| 690 | _aLANDLORD AND TENANT-BUSINESS TENANCIES | ||
| 942 | _n0 | ||
| 999 |
_c66124 _d66124 |
||